<?xml version="1.0" encoding="UTF-8"?>
<record
    xmlns:xsi="http://www.w3.org/2001/XMLSchema-instance"
    xsi:schemaLocation="http://www.loc.gov/MARC21/slim http://www.loc.gov/standards/marcxml/schema/MARC21slim.xsd"
    xmlns="http://www.loc.gov/MARC21/slim">

  <leader>00984nam a22002177a 4500</leader>
  <datafield tag="952" ind1=" " ind2=" ">
    <subfield code="0">0</subfield>
    <subfield code="1">0</subfield>
    <subfield code="2">lcc</subfield>
    <subfield code="4">0</subfield>
    <subfield code="7">0</subfield>
    <subfield code="a">03</subfield>
    <subfield code="b">03</subfield>
    <subfield code="d">2015-03-30</subfield>
    <subfield code="l">0</subfield>
    <subfield code="o">RA425 V44 1976</subfield>
    <subfield code="p">03 007612</subfield>
    <subfield code="r">2015-03-30</subfield>
    <subfield code="t">6</subfield>
    <subfield code="w">2015-03-30</subfield>
    <subfield code="y">LB</subfield>
  </datafield>
  <datafield tag="952" ind1=" " ind2=" ">
    <subfield code="0">0</subfield>
    <subfield code="1">0</subfield>
    <subfield code="2">lcc</subfield>
    <subfield code="4">0</subfield>
    <subfield code="7">0</subfield>
    <subfield code="a">03</subfield>
    <subfield code="b">03</subfield>
    <subfield code="d">2015-03-31</subfield>
    <subfield code="l">0</subfield>
    <subfield code="o">RA425 V44 1976</subfield>
    <subfield code="p">03 001869</subfield>
    <subfield code="r">2015-03-31</subfield>
    <subfield code="t">3</subfield>
    <subfield code="w">2015-03-31</subfield>
    <subfield code="y">LB</subfield>
  </datafield>
  <datafield tag="952" ind1=" " ind2=" ">
    <subfield code="0">0</subfield>
    <subfield code="1">0</subfield>
    <subfield code="2">lcc</subfield>
    <subfield code="4">0</subfield>
    <subfield code="7">0</subfield>
    <subfield code="a">03</subfield>
    <subfield code="b">03</subfield>
    <subfield code="d">2015-03-31</subfield>
    <subfield code="l">0</subfield>
    <subfield code="o">RA425 V44 1976</subfield>
    <subfield code="p">03 002018</subfield>
    <subfield code="r">2015-03-31</subfield>
    <subfield code="t">5</subfield>
    <subfield code="w">2015-03-31</subfield>
    <subfield code="y">LB</subfield>
  </datafield>
  <datafield tag="952" ind1=" " ind2=" ">
    <subfield code="0">0</subfield>
    <subfield code="1">0</subfield>
    <subfield code="2">lcc</subfield>
    <subfield code="4">0</subfield>
    <subfield code="7">0</subfield>
    <subfield code="a">03</subfield>
    <subfield code="b">03</subfield>
    <subfield code="d">2015-03-31</subfield>
    <subfield code="l">0</subfield>
    <subfield code="o">RA425 V44 1976</subfield>
    <subfield code="p">03 002038</subfield>
    <subfield code="r">2015-03-31</subfield>
    <subfield code="t">4</subfield>
    <subfield code="w">2015-03-31</subfield>
    <subfield code="y">LB</subfield>
  </datafield>
  <datafield tag="952" ind1=" " ind2=" ">
    <subfield code="0">0</subfield>
    <subfield code="1">0</subfield>
    <subfield code="2">lcc</subfield>
    <subfield code="4">0</subfield>
    <subfield code="7">0</subfield>
    <subfield code="a">03</subfield>
    <subfield code="b">03</subfield>
    <subfield code="d">2015-03-31</subfield>
    <subfield code="l">0</subfield>
    <subfield code="o">RA425 V44 1976</subfield>
    <subfield code="p">03 001802</subfield>
    <subfield code="r">2015-03-31</subfield>
    <subfield code="t">1</subfield>
    <subfield code="w">2015-03-31</subfield>
    <subfield code="y">LB</subfield>
  </datafield>
  <datafield tag="952" ind1=" " ind2=" ">
    <subfield code="0">0</subfield>
    <subfield code="1">0</subfield>
    <subfield code="2">lcc</subfield>
    <subfield code="4">0</subfield>
    <subfield code="7">0</subfield>
    <subfield code="a">03</subfield>
    <subfield code="b">03</subfield>
    <subfield code="d">2017-06-14</subfield>
    <subfield code="l">0</subfield>
    <subfield code="o">RA425 V44 1976</subfield>
    <subfield code="p">03 001862</subfield>
    <subfield code="r">2017-06-14</subfield>
    <subfield code="t">2</subfield>
    <subfield code="w">2017-06-14</subfield>
    <subfield code="y">LB</subfield>
  </datafield>
  <datafield tag="999" ind1=" " ind2=" ">
    <subfield code="c">91424</subfield>
    <subfield code="d">91424</subfield>
  </datafield>
  <controlfield tag="005">20231102151623.0</controlfield>
  <controlfield tag="008">131210s1976    mx ||||g |||| 00| 0 spa d</controlfield>
  <datafield tag="020" ind1=" " ind2=" ">
    <subfield code="a">9684351607</subfield>
  </datafield>
  <datafield tag="050" ind1=" " ind2=" ">
    <subfield code="a">RA425</subfield>
    <subfield code="b">V44 1976</subfield>
  </datafield>
  <datafield tag="100" ind1=" " ind2="0">
    <subfield code="a">Vega Franco, Leopoldo</subfield>
    <subfield code="e">autor</subfield>
  </datafield>
  <datafield tag="245" ind1="1" ind2="0">
    <subfield code="a">Bases esenciales de la salud publica</subfield>
    <subfield code="c"> / Leopoldo Vega Franco, H&#xE9;ctor Garc&#xED;a Manzanedo</subfield>
  </datafield>
  <datafield tag="260" ind1=" " ind2=" ">
    <subfield code="a">M&#xE9;xico</subfield>
    <subfield code="b"> : La Prensa M&#xE9;dica Mexicana</subfield>
    <subfield code="c">, 1976</subfield>
  </datafield>
  <datafield tag="300" ind1=" " ind2=" ">
    <subfield code="a">99 p&#xE1;ginas</subfield>
  </datafield>
  <datafield tag="500" ind1=" " ind2=" ">
    <subfield code="a">Reimpresi&#xF3;n:  2007, 2006 </subfield>
  </datafield>
  <datafield tag="504" ind1=" " ind2=" ">
    <subfield code="a">Referencias (p. 99)</subfield>
  </datafield>
  <datafield tag="505" ind1=" " ind2=" ">
    <subfield code="a">Naturaleza e importancia de la salud p&#xFA;blica
Programaci&#xF3;n en salud p&#xFA;blica
La epidemiolog&#xED;a en el diagn&#xF3;stico de la salud comunal
Medici&#xF3;n del nivel de salud
Las ciencias de la conducta y la salud p&#xFA;blica
Educaci&#xF3;n para la salud </subfield>
  </datafield>
  <datafield tag="519" ind1=" " ind2=" ">
    <subfield code="a">Material Complementario /</subfield>
    <subfield code="d">(03 001802, 03 001862, 03 001869, 03 002038, 03 002818, 03 007612)</subfield>
  </datafield>
  <datafield tag="650" ind1="1" ind2="0">
    <subfield code="a">SALUD PUBLICA</subfield>
  </datafield>
  <datafield tag="700" ind1="1" ind2="0">
    <subfield code="a">Garc&#xED;a Manzanedo, H&#xE9;ctor</subfield>
    <subfield code="e">autor</subfield>
  </datafield>
  <datafield tag="942" ind1=" " ind2=" ">
    <subfield code="2">lcc</subfield>
    <subfield code="c">LB</subfield>
  </datafield>
</record>
